| 000 | 00764nam a22002057a 4500 | ||
|---|---|---|---|
| 999 |
_c62446 _d62446 |
||
| 005 | 20241104174112.0 | ||
| 008 | 241104s2023 enk||||| |||| 00| 0 eng d | ||
| 020 | _a9789356963269x | ||
| 041 | _aeng | ||
| 080 | _a612 S-46 | ||
| 100 |
_aSembulingam, K. _98336 |
||
| 245 |
_aEssentials of Medical Physiology: _bWith Free Review of Medical Physiology / _cK. Sembulingam, P. Sembulingam. |
||
| 250 | _a9th Edition | ||
| 264 |
_aNew Delhi : _bJaypee Brothers Medical Publishers, _c2023. |
||
| 300 |
_a999 p.: _bill.; _c37 cm. |
||
| 653 | _aსამედიცინო ფიზიოლოგიის საფუძვლები | ||
| 653 | _aმედიცინა | ||
| 710 |
_aSembulingam. P. _dავტორი _923621 |
||
| 942 |
_2udc _cᲬᲘᲒᲜᲘ |
||